| 000 | 00602cam a22002291 4500 | ||
|---|---|---|---|
| 001 | sa 67004646 | ||
| 003 | DLC | ||
| 005 | 20260227112349.0 | ||
| 008 | 890420m19659999np 000 0 nepo | ||
| 010 | _asa 67004646 | ||
| 035 | _a(OCoLC)19576551 | ||
| 040 |
_aDLC _cWaU _dDLC |
||
| 042 | _apremarc | ||
| 043 | _aa-np--- | ||
| 050 | 0 | 0 |
_aDS485.N4 _bC45 |
| 100 | 1 |
_aChaitanya, W. F., _d1935- |
|
| 245 | 1 | 0 | _aPañcāyatī prajātantramā pārivārika bhāvanāko dr̥shṭikoṇa. |
| 260 | _c[1965- | ||
| 300 |
_a v. _c18 cm. |
||
| 500 | _aIn Nepali. | ||
| 651 | 0 |
_aNepal _xPolitics and government. |
|
| 999 |
_c74652 _d74652 |
||